Online Catalogue and eLibrary

Prathibimba (Record no. 5256)

MARC details
000 -LEADER
fixed length control field 00369nam a2200157Ia 4500
005 - DATE AND TIME OF LATEST TRANSACTION
control field 20250627012651.0
008 - FIXED-LENGTH DATA ELEMENTS--GENERAL INFORMATION
fixed length control field 240331s9999 xx 000 0 und d
020 ## - INTERNATIONAL STANDARD BOOK NUMBER
ISBN 95596098
082 ## - DDC Classification
Item Number - Author Mark GUN
Class No. 370
100 ## - MAIN ENTRY--PERSONAL NAME
Personal name Gunasekara,U
245 #0 - TITLE STATEMENT
Title Prathibimba
260 ## - PUBLICATION, DISTRIBUTION, ETC.
Name of publisher, distributor, etc. Author's Statement
Date of publication, distribution, etc. 1997
300 ## - PHYSICAL DESCRIPTION
Extent (e.g. Volumes, Pages etc.) 102 p .,
650 ## - SUBJECT ADDED ENTRY--TOPICAL TERM
Topical term or geographic name entry element Psychology Article series
942 ## - Koha item type (Biblio)
Koha item type Books in Stacks (Lending)
Holdings
Lost status Damaged status Collection code Home library Current library Shelving location Date acquired Full call number Accession Number Item type
    Lending WERC Library WERC Library Social Science Cupboard 03/31/2024 370.15 GUN 4653 Books in Stacks (Lending)

© WERC Library